000 00298nam a2200109Ia 4500
008 260210s9999 xx 000 0 und d
020 _a9783038603788
100 _aPark Books
245 0 _aDrifting Symmetries: Projects, Provocations, And Other Enduring Models
260 _bPark Books
942 _cUG
999 _c14309
_d14309